UNIVERSITY OF IBADAN JOURNAL OF SCIENCE AND LOGICS IN ICT RESEARCH (UIJSLICTR) (Record no. 44070)

MARC details
001 - CONTROL NUMBER
control field 00560nam a22001691a 4500
003 - CONTROL NUMBER IDENTIFIER
control field 00560nam a22001691a 4500
005 - DATE AND TIME OF LATEST TRANSACTION
control field 20260128112403.0
008 - FIXED-LENGTH DATA ELEMENTS--GENERAL INFORMATION
fixed length control field 260128c18789999mdubr p 0 a0eng c
022 ## - INTERNATIONAL STANDARD SERIAL NUMBER
Source 2714-3627
040 ## - CATALOGING SOURCE
Description conventions rda
050 ## - LIBRARY OF CONGRESS CALL NUMBER
Classification number HD38.5 .U55/
245 ## - TITLE STATEMENT
Title UNIVERSITY OF IBADAN JOURNAL OF SCIENCE AND LOGICS IN ICT RESEARCH (UIJSLICTR)
260 ## - PUBLICATION, DISTRIBUTION, ETC. (IMPRINT)
Place of publication, distribution, etc Ibadan
Name of publisher, distributor, etc Faculty of science university oof ibadan
Date of publication, distribution, etc 2025
264 ## - PUBLICATION, DISTRIBUTION, ETC. (IMPRINT)
Place of publication, distribution, etc Ibadan
Name of publisher, distributor, etc Faculty of science university oof ibadan
Date of publication, distribution, etc 2025
300 ## - PHYSICAL DESCRIPTION
Extent vol. 13, No. 1: ill. 30 cm
336 ## - CONTENT TYPE
Source text rdacontent
Materials specified text
337 ## - MEDIA TYPE
Source unmediated rdamedia
338 ## - CARRIER TYPE
Source Volume rdacarrier
440 ## - SERIES STATEMENT/ADDED ENTRY--TITLE
Title Science and logistics---periodical
490 ## - SERIES STATEMENT
Series statement Science and logistics---periodical
650 ## - SUBJECT ADDED ENTRY--TOPICAL TERM
Source of heading or term Science and logistics---periodical
655 ## - INDEX TERM--GENRE/FORM
Source of term Periodicals
942 ## - ADDED ENTRY ELEMENTS (KOHA)
Source of classification or shelving scheme Library of Congress Classification
Koha item type JOURNALS

No items available.